| 000 | 00440nam a2200157 i 4500 | ||
|---|---|---|---|
| 001 | 63548 | ||
| 003 | ES-MaACL | ||
| 005 | 20230906164914.0 | ||
| 007 | t| | ||
| 008 | 031211s1921 sp ||||1| spa d | ||
| 100 | 1 |
_aFerret y Obrador, Gabriel. _950561 |
|
| 245 | 1 | 3 |
_aLa epidemia de gripe de 1918-19 en la provincia de Almería / _cG. Ferret. |
| 260 |
_a[Almería] : _bE. Lacoste, _c1921. |
||
| 300 | _a31 p. | ||
| 852 |
_aES-MaACL _j1653-F-2 |
||
| 999 |
_c63548 _d63548 |
||